Catálogo

Vista normal Vista MARC

Entrada Personal Name

Número de registros utilizados en: 2

001 - CONTROL NUMBER

  • control field: 9891

003 - CONTROL NUMBER IDENTIFIER

  • control field: DLC

005 - DATE AND TIME OF LATEST TRANSACTION

  • control field: 20190903095336.0

008 - FIXED-LENGTH DATA ELEMENTS

  • fixed length control field: 811109n| acannaabn |b aaa

010 ## - LIBRARY OF CONGRESS CONTROL NUMBER

  • LC control number: n 81048191

035 ## - SYSTEM CONTROL NUMBER

  • System control number: (OCoLC)oca00593736

040 ## - CATALOGING SOURCE

  • Original cataloging agency: DLC
  • Language of cataloging: spa
  • Transcribing agency: Mx-PuUPA
  • Modifying agency: HkUST
  • Modifying agency: OCoLC
  • Modifying agency: OClMA
  • Modifying agency: DLC
  • Modifying agency: Mx-PuUPA
  • Description conventions: rda

046 ## - SPECIAL CODED DATES

  • Birth date: 1936

100 1# - HEADING--PERSONAL NAME

  • Personal name: Wong, Wucius,
  • Dates associated with a name: 1936-

372 ## - FIELD OF ACTIVITY

  • Field of activity: Diseño gráfico

374 ## - OCCUPATION

  • Occupation: autor

375 ## - GENDER

  • Gender: hombre

377 ## - ASSOCIATED LANGUAGE

  • Language code: eng

400 1# - SEE FROM TRACING--PERSONAL NAME

  • Personal name: Wang, Songji,
  • Dates associated with a name: 1936-

400 1# - SEE FROM TRACING--PERSONAL NAME

  • Personal name: Wang, Wuxie,
  • Dates associated with a name: 1936-

400 1# - SEE FROM TRACING--PERSONAL NAME

  • Personal name: 王無邪,
  • Dates associated with a name: 1936-

670 ## - SOURCE DATA FOUND

  • Source citation: Principles of two-dimensional design, 1969.

670 ## - SOURCE DATA FOUND

  • Source citation: Xianggang xian dai yi shu zuo pin xuan, 1981:
  • Information found: t.p. verso (王無邪 = Wang Wuxie) p. 10 (b. 1936 at Taiping Zhen, Guangdong Sheng)

670 ## - SOURCE DATA FOUND

  • Source citation: Dong xi wen dao, 2006:
  • Information found: t.p. (Wucius Wong; Wang Wuxie) p. 168 (orig. name Wang Songji)

670 ## - SOURCE DATA FOUND

  • Source citation: Fundamentos del diseño, 2001:
  • Information found: portada (Wucius Wong)

670 ## - SOURCE DATA FOUND

  • Source citation: Biblioteca del congreso (Estados Unidos), 03 septiembre 2019:
  • Information found: Catálogo electrónico
  • Uniform Resource Identifier: http://bit.ly/2lsllGN